000 00301nam a2200133Ia 4500
100 _aLipschutz/ Poe/A
942 _cBK
654 _afortran
245 _aT/P of Programming with FORTRAN
260 _bMc Graw Hill
_aSingapore
_c1987
082 _a1.6424
_bLIP/PO
300 _a314
546 _aENGLISH
999 _c30690
_d30690